Bytový dom - Monolitická železobetónová doskostenová konštrukcia

Gespeichert in:
Bibliographische Detailangaben
1. Verfasser: Bazso, Daniel, 1987- (Verfasst von)
Weitere Verfasser: Harvan, Ivan, 1944- (Betreuung Doktorarbeit)
Format: Manuskript Buch
Sprache:Englisch
Veröffentlicht: Bratislava : STU v Bratislave SvF, 2011
Schlagworte:
Online-Zugang:VAIS
Tags: Tag hinzufügen
Keine Tags, Fügen Sie das erste Tag hinzu!

MARC

LEADER 00000ntm a22000003a 4500
001 stu229653
005 20150617230150.8
008 110708s2011----xo------------------eng-d
040 |a STU  |b slo 
041 0 |a eng 
044 |a xo 
100 1 |a Bazso, Daniel,  |d 1987-  |4 aut  |u V  |T SvF Stavebná fakulta  |X 39634  |U V  |Y 10  |7 A000039634 
242 0 0 |a Residential building – monolithic reinforced concrete structure  |y eng 
245 1 |a Bytový dom - Monolitická železobetónová doskostenová konštrukcia 
260 |a Bratislava :  |b STU v Bratislave SvF,  |c 2011 
650 7 |a nosné konštrukcie pozemných stavieb  |2 stusub 
650 7 |a Structures of Buildings  |2 estusub 
650 7 |a concrete  |2 estusub 
650 7 |a reinforced  |2 estusub 
700 1 |a Harvan, Ivan,  |d 1944-  |4 ths  |u V110  |U SvF Stavebná fakulta  |T SvF Katedra betónových konštrukcií a mostov  |X 890  |U V110  |Y 11  |7 A000000890 
856 4 |a info a plný text  |u http://is.stuba.sk/zp/portal_zp.pl?podrobnosti=69768  |3 VAIS